CDM regulations (Record no. 120592)

MARC details
000 -LEADER
fixed length control field 01234cai a22001935a 4500
001 - CONTROL NUMBER
control field L137599
008 - FIXED-LENGTH DATA ELEMENTS--GENERAL INFORMATION
fixed length control field 070418u xxk g 000 0 eng d
035 ## - SYSTEM CONTROL NUMBER
System control number (Sirsi) u137599
041 0# - LANGUAGE CODE
Language code of text/sound track or separate title eng
110 2# - MAIN ENTRY--CORPORATE NAME
Corporate name or jurisdiction name as entry element CITB-ConstructionSkills
9 (RLIN) 4992
245 00 - TITLE STATEMENT
Title CDM regulations
Medium [electronic resource]
520 ## - SUMMARY, ETC.
Summary, etc. Provides industry produced guidance on the Construction (Design and Management) Regulations 2007, which is classified as an established standard by the HSE. The guidance is structured by duty holder and covers clients, CDM-co-ordinators, designers, principal contractor, contractor and worker. The website also links to the 2007 Regulations, and tabulates key changes between the 2007 Regulations and the Construction (Design and Management) Regulations 1994.
590 ## - LOCAL NOTE (RLIN)
Local note KA NTK
650 24 - SUBJECT ADDED ENTRY--TOPICAL TERM
Topical term or geographic name entry element CONSTRUCTION (DESIGN AND MANAGEMENT) REGULATIONS 2007
651 #4 - SUBJECT ADDED ENTRY--GEOGRAPHIC NAME
Geographic name Great Britain
Chronological subdivision 1707-
690 ## - LOCAL SUBJECT ADDED ENTRY--TOPICAL TERM (OCLC, RLIN)
Topical term or geographic name as entry element BUILT ENVIRONMENT-CONSTRUCTION MANAGEMENT-CONSTRUCTION DESIGN AND MANAGEMENT
856 40 - ELECTRONIC LOCATION AND ACCESS
Uniform Resource Identifier <a href="https://www.citb.co.uk/health-safety-and-other-topics/health-safety/construction-design-and-management-regulations/construction-design-and-management-regulations-2007/">https://www.citb.co.uk/health-safety-and-other-topics/health-safety/construction-design-and-management-regulations/construction-design-and-management-regulations-2007/</a>
Public note View the website free of charge at www.citb.co.uk...
942 ## - ADDED ENTRY ELEMENTS (KOHA)
Suppress in OPAC 0
Holdings
Withdrawn status Lost status Source of classification or shelving scheme Damaged status Not for loan Home library Current library Shelving location Date acquired Total Checkouts Full call number Barcode Date last seen Copy number Price effective from Koha item type
    Dewey Decimal Classification     Virtual Virtual Online 18/04/2007   WEB SITE 137599-2001 06/08/2019 1 06/08/2019 Online material